Alfabet sygnałowy - Statystyki

Ogólne statystyki
  • Ten quiz został rozwiązany 13 razy
  • Średni wynik to 13 z 26
Statystyki odpowiedzi
Litera Rozwinięcie % Poprawnych
a alpha
100%
b bravo
100%
c charlie
92%
d delta
92%
e echo
50%
f foxtrot
50%
k kilo
50%
l lima
50%
p papa
50%
r romeo
50%
s sierra
50%
t tango
50%
x x-ray
50%
g golf
42%
h hotel
42%
i india
42%
j juliet
42%
m mike
42%
o oscar
42%
q quebec
42%
z zulu
42%
n november
33%
u uniform
33%
v victor
25%
y yankee
25%
w whiskey
8%
Nie znaleziono quizów pasujących do podanych kryteriów
Rozkład punktacji
Procent ludzi z każdym wynikiem
Percentyl według liczby udzielonych odpowiedzi
Twoja historia wyników
Nie rozwiązałeś tego quizu